000 00405nam a2200181Ia 4500
003 0STCL
008 150530s9999 xx 000 0 und d
040 _aSTCL
_cSTCL
100 _aAnand
245 _aGovardhante Yaatrakal
250 _a10
260 _bD.C. Books; Kottayam
_c2004
_aKottayam
300 _a0
546 _aMalayalam
942 _2ddc
_cBK
999 _c76015
_d76015
005 20220125171620.0